MARC details
| 000 -LEADER |
| fixed length control field |
03190cas a2200733 a 4500 |
| 001 - CONTROL NUMBER |
| JCCL Control Number |
9803 |
| 003 - CONTROL NUMBER IDENTIFIER |
| JCCL marc code |
BD-JhCC |
| 005 - DATE AND TIME OF LATEST TRANSACTION |
| control field |
20180401102602.0 |
| 008 - FIXED-LENGTH DATA ELEMENTS--GENERAL INFORMATION |
| fixed length control field |
180401c19899999enkar s 0 a0eng c |
| 022 0# - INTERNATIONAL STANDARD SERIAL NUMBER |
| International Standard Serial Number |
0956-2273 |
| 030 ## - CODEN DESIGNATION |
| CODEN |
EWYBEL |
| 035 ## - SYSTEM CONTROL NUMBER |
| system control number |
(OCoLC)ocm19757085 |
| -- |
(BD-JhCC)9803 |
| 040 ## - CATALOGING SOURCE |
| Original cataloging agency |
IUL |
| Transcribing agency |
IUL |
| Modifying agency |
HUL |
| -- |
DLC |
| -- |
HUL |
| -- |
WAU |
| -- |
DLC |
| -- |
HUL |
| -- |
OCL |
| -- |
EYM |
| -- |
HUL |
| -- |
NYG |
| -- |
NST |
| -- |
AGL |
| -- |
HUL |
| -- |
NST |
| -- |
OCL |
| -- |
NST |
| -- |
HUL |
| -- |
CAS |
| -- |
DLC |
| -- |
NST |
| -- |
NSD |
| -- |
NST |
| -- |
SYS |
| -- |
B2Q |
| -- |
GUA |
| -- |
NLM |
| -- |
OCLCQ |
| -- |
HUL |
| -- |
ZCU |
| -- |
CRU |
| -- |
OCLCQ |
| -- |
DLC |
| -- |
UKMGB |
| -- |
OCLCQ |
| -- |
OCLCF |
| -- |
BEDGE |
| -- |
YDXCP |
| -- |
ZYU |
| -- |
CQU |
| -- |
BLBSF |
| -- |
OCLCQ |
| -- |
OCL |
| -- |
OCLCO |
| -- |
BDX |
| -- |
OCLCO |
| -- |
OCLCQ |
| -- |
OCLCO |
| -- |
OCLCQ |
| -- |
OCL |
| -- |
OCLCO |
| -- |
WCM |
| -- |
OCLCO |
| -- |
DLC |
| -- |
YDX |
| -- |
OCLCQ |
| -- |
NLC |
| -- |
OCLCO |
| -- |
OCLCA |
| -- |
OCLCQ |
| -- |
GILDS |
| -- |
CAI |
| -- |
BD-JhCC |
| 041 ## - LANGUAGE CODE |
| Language code of Book |
eng |
| 050 00 - LIBRARY OF CONGRESS CALL NUMBER |
| Classification number |
JN1 |
| Item number |
.E85 |
| 050 14 - LIBRARY OF CONGRESS CALL NUMBER |
| Classification number |
AG105 |
| Item number |
.E892 |
| 060 00 - NATIONAL LIBRARY OF MEDICINE CALL NUMBER |
| Classification number |
AG 105 |
| Item number |
E898 |
| 070 0# - NATIONAL AGRICULTURAL LIBRARY CALL NUMBER |
| Classification number |
JN1.E8 |
| 072 #0 - SUBJECT CATEGORY CODE |
| Subject category code |
X000 |
| 082 00 - DEWEY DECIMAL CLASSIFICATION NUMBER |
| Classification number |
940.5 |
| DDC Edition number |
23 |
| Author mark and Year |
THE 1889 |
| 245 04 - TITLE STATEMENT |
| Title |
The Europa world year book 1994 / |
| Statement of responsibility, etc |
Europa Publications Limited. |
| 260 ## - PUBLICATION, DISTRIBUTION, ETC. (IMPRINT) |
| Place of publication, distribution, etc |
London, England : |
| Name of publisher, distributor, etc |
Europa Publications, |
| Date of publication, distribution, etc |
©1989- |
| 260 3# - PUBLICATION, DISTRIBUTION, ETC. (IMPRINT) |
| Place of publication, distribution, etc |
Abingdon, Oxon : |
| Name of publisher, distributor, etc |
Routledge |
| Date of publication, distribution, etc |
1926. |
| 300 ## - PHYSICAL DESCRIPTION |
| Pagination |
1673 p. : |
| Dimensions |
29 cm |
| 515 ## - NUMBERING PECULIARITIES NOTE |
| Numbering peculiarities note |
Issued in two volumes. |
| 650 #0 - SUBJECT ADDED ENTRY--TOPICAL TERM |
| Topical term or geographic name as entry element |
International agencies |
| Form subdivision |
Periodicals. |
| 650 #0 - SUBJECT ADDED ENTRY--TOPICAL TERM |
| Topical term or geographic name as entry element |
World politics |
| Chronological subdivision |
1989- |
| Form subdivision |
Periodicals. |
| 650 #0 - SUBJECT ADDED ENTRY--TOPICAL TERM |
| Topical term or geographic name as entry element |
Economic history |
| Chronological subdivision |
1945- |
| Form subdivision |
Periodicals. |
| 650 #2 - SUBJECT ADDED ENTRY--TOPICAL TERM |
| Topical term or geographic name as entry element |
Government. |
| 650 #2 - SUBJECT ADDED ENTRY--TOPICAL TERM |
| Topical term or geographic name as entry element |
International Agencies. |
| 650 #2 - SUBJECT ADDED ENTRY--TOPICAL TERM |
| Topical term or geographic name as entry element |
Organizations. |
| 650 #2 - SUBJECT ADDED ENTRY--TOPICAL TERM |
| Topical term or geographic name as entry element |
Statistics. |
| 650 #7 - SUBJECT ADDED ENTRY--TOPICAL TERM |
| Topical term or geographic name as entry element |
Annuaires. |
| 650 #7 - SUBJECT ADDED ENTRY--TOPICAL TERM |
| Topical term or geographic name as entry element |
Répertoires. |
| 650 #7 - SUBJECT ADDED ENTRY--TOPICAL TERM |
| Topical term or geographic name as entry element |
Conditions économiques. |
| 650 #7 - SUBJECT ADDED ENTRY--TOPICAL TERM |
| Topical term or geographic name as entry element |
Politique internationale. |
| 650 #7 - SUBJECT ADDED ENTRY--TOPICAL TERM |
| Topical term or geographic name as entry element |
Gouvernements. |
| 650 #7 - SUBJECT ADDED ENTRY--TOPICAL TERM |
| Topical term or geographic name as entry element |
Administration centrale. |
| 650 #7 - SUBJECT ADDED ENTRY--TOPICAL TERM |
| Topical term or geographic name as entry element |
Données statistiques. |
| 650 #7 - SUBJECT ADDED ENTRY--TOPICAL TERM |
| Topical term or geographic name as entry element |
Organisations internationales. |
| 650 #7 - SUBJECT ADDED ENTRY--TOPICAL TERM |
| Topical term or geographic name as entry element |
Economic history. |
| 650 #7 - SUBJECT ADDED ENTRY--TOPICAL TERM |
| Topical term or geographic name as entry element |
International agencies. |
| 650 #7 - SUBJECT ADDED ENTRY--TOPICAL TERM |
| Topical term or geographic name as entry element |
World politics. |
| 650 #6 - SUBJECT ADDED ENTRY--TOPICAL TERM |
| Topical term or geographic name as entry element |
Organismes internationaux |
| Form subdivision |
Répertoires. |
| 650 #6 - SUBJECT ADDED ENTRY--TOPICAL TERM |
| Topical term or geographic name as entry element |
Organisations internationales |
| Form subdivision |
Périodiques. |
| 650 #6 - SUBJECT ADDED ENTRY--TOPICAL TERM |
| Topical term or geographic name as entry element |
Politique mondiale |
| Chronological subdivision |
1945- |
| Form subdivision |
Périodiques. |
| 651 #6 - SUBJECT ADDED ENTRY--GEOGRAPHIC NAME |
| Geographic name |
Europe |
| Form subdivision |
Périodiques. |
| 651 #6 - SUBJECT ADDED ENTRY--GEOGRAPHIC NAME |
| Geographic name |
Europe |
| Form subdivision |
Répertoires. |
| 651 #6 - SUBJECT ADDED ENTRY--GEOGRAPHIC NAME |
| Geographic name |
Europe |
| General subdivision |
Commerce |
| Form subdivision |
Périodiques. |
| 651 #6 - SUBJECT ADDED ENTRY--GEOGRAPHIC NAME |
| Geographic name |
Europe |
| General subdivision |
Politique et gouvernement |
| Form subdivision |
Périodiques. |
| 651 #6 - SUBJECT ADDED ENTRY--GEOGRAPHIC NAME |
| Geographic name |
Europe |
| General subdivision |
Conditions économiques |
| Form subdivision |
Périodiques. |
| 651 #6 - SUBJECT ADDED ENTRY--GEOGRAPHIC NAME |
| Geographic name |
Europe |
| General subdivision |
Statistique |
| Form subdivision |
Périodiques. |
| 655 #2 - |
| Genre/form data or focus term |
Directory. |
| 655 #2 - |
| Genre/form data or focus term |
Periodicals. |
| 655 #4 - |
| Genre/form data or focus term |
Reference sources. |
| 655 #7 - |
| Genre/form data or focus term |
Periodicals. |
| Source of term |
fast |
| 655 #7 - |
| Genre/form data or focus term |
Periodicals. |
| Source of term |
lcgft |
| 710 2# - ADDED ENTRY--CORPORATE NAME |
| Corporate name or jurisdiction name as entry element |
Europa Publications Limited. |
| 942 ## - ADDED ENTRY ELEMENTS (KOHA) |
| Source of classification or shelving scheme |
Dewey Decimal Classification |
| Koha item type |
Reference |